[Event "Reykjavik Open 2015"]
[Site "Reykjavik, "]
[Date "2015.03.16"]
[Round "8.54"]
[White "Thorhallsson, Simon"]
[Black "Haugli, Petter"]
[Result "0-1"]
[WhiteElo "2009"]
[BlackElo "2247"]
[PlyCount "146"]
[EventDate "2015.03.10"]

1. d4 Nf6 2. c4 g6 3. Nc3 Bg7 4. e4 d6 5. f3 O-O 6. Be3 Nc6 7. Nge2 a6 8. Qd2
Rb8 9. Rc1 Nd7 10. h4 h5 11. g4 Nf6 12. Bh6 e5 13. d5 Ne7 14. Ng3 hxg4 15. h5
gxf3 16. Bh3 f2+ 17. Kf1 Bxh3+ 18. Rxh3 Bxh6 19. Qxh6 Ng4 20. Qd2 Kg7 21. Kg2
f5 22. Qg5 f4 23. Qxg4 fxg3 24. Rxg3 Rf4 25. Qg5 Qf8 26. Rf1 Qf6 27. Qxf6+ Kxf6
28. hxg6 Nxg6 29. Rxf2 Rh8 30. Kf1 Rh1+ 31. Rg1 Rh3 32. Ne2 Rxf2+ 33. Kxf2 Rd3
34. Rb1 Nf4 35. Ng3 Rd2+ 36. Kf3 Nd3 37. Ke3 Rxb2 38. Nh5+ Kf7 39. Rf1+ Nf4 40.
Nxf4 exf4+ 41. Rxf4+ Ke7 42. Rh4 b6 43. Rh7+ Kd8 44. Kd4 Rd2+ 45. Ke3 Rxa2 46.
Rh5 Rc2 47. Kd3 Rc1 48. e5 dxe5 49. Rxe5 b5 50. cxb5 axb5 51. Kd2 Rc5 52. Rh5
Kd7 53. Kd3 Kd6 54. Kd4 Rc4+ 55. Kd3 Rg4 56. Kc3 Re4 57. Kb3 Re5 58. Rh6+ Kxd5
59. Kb4 c6 60. Rh8 Re4+ 61. Kc3 Kc5 62. Rh5+ Kb6 63. Kb3 Rg4 64. Rh6 Rd4 65.
Rg6 Kc5 66. Rg5+ Rd5 67. Rg6 Rd3+ 68. Kc2 Rh3 69. Kb2 b4 70. Rg4 Kb5 71. Rg5+
c5 72. Rf5 Rd3 73. Kc2 Kc4 0-1

[Event "Reykjavik Open 2015"]
[Site "Reykjavik, "]
[Date "2015.03.16"]
[Round "8.55"]
[White "Barthel, Ansgar"]
[Black "Mehringer, Joerg"]
[Result "1-0"]
[WhiteElo "2230"]
[BlackElo "1955"]
[PlyCount "71"]
[EventDate "2015.03.10"]

1. e4 e5 2. Nf3 Nc6 3. Bc4 Nf6 4. Ng5 Bc5 5. Bxf7+ Ke7 6. Bd5 Rf8 7. O-O d6 8.
Bxc6 bxc6 9. d3 Bg4 10. Nf3 Qe8 11. Be3 Bb6 12. Nbd2 h6 13. a4 a5 14. h3 Bh5
15. Qe1 g5 16. Bxb6 cxb6 17. Qe3 Nd7 18. d4 Rf6 19. dxe5 dxe5 20. Nh2 Kf8 21.
Nc4 Rb8 22. Qa3+ c5 23. Ne3 Kg7 24. Nhg4 Bxg4 25. Nxg4 Rf4 26. Ne3 Kh7 27. Rad1
Rf7 28. Nf5 Rf6 29. Rd5 Nf8 30. Rfd1 Ne6 31. Rxe5 Rd8 32. Rxd8 Qxd8 33. Rd5 Qe8
34. Qc3 Rxf5 35. exf5 Nd4 36. Qe3 1-0

[Event "Reykjavik Open 2015"]
[Site "Reykjavik, "]
[Date "2015.03.16"]
[Round "8.56"]
[White "Olafsson, Thorvardur"]
[Black "Heimisson, Hilmir Freyr"]
[Result "1-0"]
[WhiteElo "2230"]
[BlackElo "1861"]
[PlyCount "161"]
[EventDate "2015.03.10"]

1. e4 e5 2. Nf3 Nc6 3. d4 exd4 4. Nxd4 Bc5 5. Be3 Qf6 6. Nb5 Bxe3 7. fxe3 Qh4+
8. g3 Qxe4 9. Nxc7+ Kd8 10. Nxa8 Qxh1 11. Qd6 Nge7 12. Nd2 Qd5 13. Qc7+ Ke8 14.
O-O-O Qe5 15. Nc4 Qxc7 16. Nxc7+ Kd8 17. Nb5 Rf8 18. Nbd6 Ng6 19. Bg2 Kc7 20.
Nb5+ Kb8 21. Ncd6 Nge5 22. h3 f6 23. Nc3 Ne7 24. Nd5 Nxd5 25. Bxd5 b6 26. b3
Ba6 27. c4 Kc7 28. a4 Rb8 29. Rd2 Kd8 30. Kc2 Ke7 31. Kc3 g5 32. b4 h5 33. b5
Bc8 34. Be4 Nf7 35. Nf5+ Kf8 36. Bf3 d5 37. Nd4 dxc4 38. Nc6 Rb7 39. Nd8 Re7
40. Bxh5 Ne5 41. Nc6 Nxc6 42. bxc6 Bxh3 43. Rd8+ Kg7 44. g4 Bg2 45. Rd7 Kf8 46.
c7 Bb7 47. Rd8+ Kg7 48. c8=Q Bxc8 49. Rxc8 Rxe3+ 50. Kxc4 Re4+ 51. Kb3 Re7 52.
Rd8 Rc7 53. Re8 Kh6 54. Re6 Kg7 55. Re4 Kh6 56. Be8 Kg7 57. Rd4 f5 58. gxf5 Kf6
59. Bg6 Rc1 60. Rd6+ Ke5 61. Re6+ Kd5 62. Re2 Rf1 63. Rg2 b5 64. axb5 Rb1+ 65.
Kc2 Rxb5 66. Rxg5 Kd6 67. Rg4 Ke7 68. Re4+ Kf6 69. Re6+ Kg5 70. Ra6 Rb7 71. Kc3
Rd7 72. Kc4 Rb7 73. Kc5 Rc7+ 74. Kd6 Rb7 75. Ke6 Kh6 76. Be8 Kg7 77. f6+ Kf8
78. Bc6 Rc7 79. Bd5 Ke8 80. Rc6 Re7+ 81. fxe7 1-0

[Event "Reykjavik Open 2015"]
[Site "Reykjavik, "]
[Date "2015.03.16"]
[Round "8.57"]
[White "Haraldsson, Haraldur"]
[Black "Johannesson, Oliver"]
[Result "0-1"]
[WhiteElo "1948"]
[BlackElo "2212"]
[PlyCount "96"]
[EventDate "2015.03.10"]

1. Nf3 d5 2. c4 c6 3. e3 Nf6 4. Nc3 a6 5. b3 Bg4 6. Be2 e6 7. O-O Nbd7 8. d4 b5
9. c5 a5 10. Bb2 Be7 11. Rc1 O-O 12. Ne5 Nxe5 13. dxe5 Bxe2 14. Nxe2 Nd7 15.
Bd4 Qc7 16. f4 f6 17. Qe1 fxe5 18. fxe5 Rxf1+ 19. Kxf1 Nxe5 20. Qg3 Bf6 21. Kg1
Rc8 22. Rf1 Nd7 23. Nf4 Re8 24. Qg4 Bxd4 25. exd4 Nf8 26. Nd3 Ng6 27. h4 Qe7
28. g3 e5 29. Re1 e4 30. h5 Nf8 31. Ne5 Qe6 32. Qf4 Nd7 33. Nxd7 Qxd7 34. Rf1
Qe6 35. h6 gxh6 36. Qh4 Rf8 37. Rxf8+ Kxf8 38. Qd8+ Kg7 39. Qxa5 e3 40. Qc7+
Kg6 41. Qd6 Qxd6 42. cxd6 Kf6 43. a4 bxa4 44. bxa4 Ke6 45. Kf1 Kxd6 46. a5 Kc7
47. Ke2 Kb7 48. Kxe3 Ka6 0-1

[Event "Reykjavik Open 2015"]
[Site "Reykjavik, "]
[Date "2015.03.16"]
[Round "8.58"]
[White "Birkisson, Bardur Orn"]
[Black "Quillien, Emmanuel"]
[Result "1/2-1/2"]
[WhiteElo "1839"]
[BlackElo "2202"]
[PlyCount "96"]
[EventDate "2015.03.10"]

1. e4 e6 2. d4 d5 3. Nd2 Nc6 4. Ngf3 Nf6 5. e5 Nd7 6. Be2 f6 7. exf6 Qxf6 8.
Nf1 Bd6 9. Ne3 O-O 10. O-O Nb6 11. Ng4 Qg6 12. h3 e5 13. Ngxe5 Bxe5 14. Bd3 Qd6
15. dxe5 Nxe5 16. Nxe5 Qxe5 17. Re1 Qf6 18. Be3 Bf5 19. Bxf5 Qxf5 20. Qg4 Qxg4
21. hxg4 Rfe8 22. f3 Re6 23. Kf2 Rae8 24. Bd4 Nc8 25. Rxe6 Rxe6 26. Re1 Rxe1
27. Kxe1 Kf7 28. Ke2 g6 29. b3 Ke6 30. Kd3 Kd6 31. Bf2 c5 32. Bg3+ Ke6 33. Bf2
b6 34. Bg3 Ne7 35. c3 Nc6 36. f4 h5 37. gxh5 gxh5 38. Bf2 Kf5 39. g3 Nd8 40.
Be1 Ne6 41. Bf2 Kg4 42. Ke3 Ng7 43. b4 Nf5+ 44. Ke2 c4 45. a4 Nd6 46. Ke3 Nf5+
47. Ke2 Nd6 48. Ke3 Nf5+ 1/2-1/2

[Event "Reykjavik Open 2015"]
[Site "Reykjavik, "]
[Date "2015.03.16"]
[Round "8.59"]
[White "Loos, Roland"]
[Black "Baldvinsson, Loftur"]
[Result "1-0"]
[WhiteElo "2337"]
[BlackElo "1945"]
[PlyCount "73"]
[EventDate "2015.03.10"]

1. d4 Nf6 2. c4 g6 3. Nc3 Bg7 4. e4 O-O 5. Nf3 d6 6. h3 e5 7. d5 Nbd7 8. Bg5 h6
9. Be3 b6 10. Be2 Nc5 11. Nd2 a5 12. a3 Nh7 13. b4 Nd7 14. Nb3 f5 15. bxa5 f4
16. Bd2 bxa5 17. a4 Ng5 18. h4 Nh7 19. Nb5 Nc5 20. Bxa5 Rxa5 21. Nxa5 Nxe4 22.
Bg4 Bxg4 23. Qxg4 Nc5 24. Qxg6 Rf6 25. Qg4 Nd3+ 26. Ke2 e4 27. Nc6 f3+ 28. gxf3
Qf8 29. Qxe4 Nc5 30. Qg4 Qe8+ 31. Kf1 Qf7 32. Ra3 Rf4 33. Ne7+ Qxe7 34. Qxf4
Be5 35. Rg1+ Kh8 36. Qxh6 Bb2 37. Re3 1-0

[Event "Reykjavik Open 2015"]
[Site "Reykjavik, "]
[Date "2015.03.16"]
[Round "8.60"]
[White "Martinez Lopez, Jaime"]
[Black "Ragnarsson, Dagur"]
[Result "0-1"]
[WhiteElo "2044"]
[BlackElo "2347"]
[PlyCount "69"]
[EventDate "2015.03.10"]

1. d4 e6 2. Nf3 b6 3. g3 Bb7 4. Bg2 Nf6 5. O-O Be7 6. c4 c5 7. d5 exd5 8. Nh4
O-O 9. Nf5 Re8 10. Nxe7+ Qxe7 11. Nc3 d6 12. Bg5 Nbd7 13. Nxd5 Bxd5 14. Bxd5
Rab8 15. Bc6 Red8 16. Qc2 Ne5 17. Bg2 b5 18. cxb5 Rxb5 19. Rad1 h6 20. Bc1 d5
21. b3 d4 22. e3 Qe6 23. exd4 cxd4 24. Rfe1 d3 25. Qb2 d2 26. Bxd2 Nd3 27. Bc3
Qb6 28. Bxf6 gxf6 29. Qd2 Rf5 30. Qe3 Nxe1 31. Qxb6 Rxd1 32. Qb8+ Kg7 33. f4
Rc5 34. Be4 Rd2 35. Bh7 0-1

[Event "Reykjavik Open 2015"]
[Site "Reykjavik, "]
[Date "2015.03.16"]
[Round "8.61"]
[White "Cabello Aguilar, Enrique"]
[Black "Mamedjarova, Zeinab"]
[Result "0-1"]
[WhiteElo "2015"]
[BlackElo "2303"]
[PlyCount "65"]
[EventDate "2015.03.10"]

1. d4 d5 2. c4 dxc4 3. e3 Nf6 4. Bxc4 g6 5. Qb3 e6 6. Nf3 Nc6 7. Nc3 Bg7 8. a3
O-O 9. Qc2 Qe7 10. b4 e5 11. d5 e4 12. dxc6 exf3 13. gxf3 bxc6 14. Bb2 a5 15.
b5 Bf5 16. Qe2 cxb5 17. Nxb5 a4 18. h4 c6 19. Nd4 Bd7 20. Qc2 Rab8 21. Ne2 Bf5
22. Qc1 Rfd8 23. Ra2 Nd7 24. e4 Bxb2 25. Rxb2 Rxb2 26. Qxb2 Ne5 27. Qc3 Bc8 28.
f4 Nxc4 29. Qxc4 Qxa3 30. O-O Bh3 31. Qc3 Qxc3 32. Nxc3 Bxf1 33. Kxf1 0-1

[Event "Reykjavik Open 2015"]
[Site "Reykjavik, "]
[Date "2015.03.16"]
[Round "8.62"]
[White "Gschwendtner, Stanislav"]
[Black "Tjomsland, Stig"]
[Result "0-1"]
[WhiteElo "2009"]
[BlackElo "2300"]
[PlyCount "56"]
[EventDate "2015.03.10"]

1. c4 Nf6 2. Nc3 e5 3. g3 d5 4. cxd5 Nxd5 5. Bg2 Nb6 6. Nf3 Nc6 7. d3 Be7 8.
O-O O-O 9. Be3 Be6 10. Rc1 Nd5 11. Nxd5 Bxd5 12. a3 f6 13. Bc5 Bxc5 14. Rxc5
Qd6 15. Qc2 Kh8 16. b4 Bxf3 17. exf3 Nd4 18. Qc4 c6 19. Qa2 b6 20. Rc3 a5 21.
bxa5 Rxa5 22. Rb1 b5 23. Qb2 Rfa8 24. f4 exf4 25. Bxc6 Nxc6 26. Rbc1 Ne7 27.
Rc7 f3 28. Qc3 Rxa3 0-1

[Event "Reykjavik Open 2015"]
[Site "Reykjavik, "]
[Date "2015.03.16"]
[Round "8.63"]
[White "Foisor, Sabina-Francesca"]
[Black "Benet Morant, Damia"]
[Result "1/2-1/2"]
[WhiteElo "2279"]
[BlackElo "2044"]
[PlyCount "185"]
[EventDate "2015.03.10"]

1. d4 Nf6 2. c4 g6 3. Nc3 Bg7 4. e4 d6 5. Nf3 O-O 6. Be2 e5 7. d5 a5 8. Bg5 h6
9. Bh4 g5 10. Bg3 Nh5 11. Nd2 Nf4 12. O-O Na6 13. a3 Bd7 14. b3 f5 15. f3 Nc5
16. Qc2 g4 17. fxg4 Nxe2+ 18. Nxe2 f4 19. Bf2 Bxg4 20. Nc3 Nd7 21. Nb5 Nf6 22.
h3 Bh5 23. b4 Nh7 24. Qd3 Qd7 25. Kh2 f3 26. Rg1 fxg2 27. Be3 Rf4 28. Rxg2 Ng5
29. Bxf4 exf4 30. Rag1 Bf6 31. Nd4 Bxd4 32. Rxg5+ hxg5 33. Qxd4 Qe7 34. Rg2
axb4 35. Qg1 g4 36. axb4 Qh4 37. Qf1 Qxh3+ 38. Kg1 Qe3+ 39. Kh1 f3 40. Qxf3
Ra1+ 41. Kh2 Qh6 42. Qh3 Ra2 43. Nf1 Qf4+ 44. Kg1 Ra1 45. Qd3 Bg6 46. Qe2 g3
47. Qd3 Rxf1+ 48. Qxf1 Qe3+ 49. Kh1 Bxe4 50. b5 b6 51. c5 bxc5 52. b6 Bxg2+ 53.
Kxg2 cxb6 54. Qb1 Kg7 55. Qxb6 Qf2+ 56. Kh3 Qh2+ 57. Kg4 g2 58. Qb2+ Kf7 59.
Qb7+ Kf6 60. Qb2+ Qe5 61. Qf2+ Ke7 62. Qh4+ Qf6 63. Qh7+ Qf7 64. Qh4+ Kd7 65.
Kh3 Qf3+ 66. Kh2 Qxd5 67. Qa4+ Qc6 68. Qg4+ Kc7 69. Qg7+ Kb6 70. Qb2+ Ka7 71.
Qa2+ Qa6 72. Qf7+ Qb7 73. Qa2+ Kb6 74. Qb2+ Kc6 75. Qxg2+ d5 76. Qg6+ Kc7 77.
Qg7+ Kb8 78. Qh8+ Qc8 79. Qb2+ Qb7 80. Qh8+ Ka7 81. Qa1+ Qa6 82. Qg7+ Kb6 83.
Qf6+ Ka5 84. Qa1+ Kb5 85. Qb2+ Ka5 86. Qa1+ Kb6 87. Qf6+ Ka7 88. Qe7+ Kb8 89.
Qd8+ Qc8 90. Qb6+ Ka8 91. Qa5+ Kb7 92. Qb5+ Ka7 93. Qa5+ 1/2-1/2

[Event "Reykjavik Open 2015"]
[Site "Reykjavik, "]
[Date "2015.03.16"]
[Round "8.64"]
[White "Valtysson, Thor"]
[Black "Niemann, Hans M"]
[Result "0-1"]
[WhiteElo "1974"]
[BlackElo "2275"]
[PlyCount "108"]
[EventDate "2015.03.10"]

1. d4 Nf6 2. Nf3 g6 3. Bf4 Bg7 4. e3 O-O 5. Be2 d6 6. h3 Nbd7 7. O-O Qe8 8. c4
e5 9. Bh2 Qe7 10. Nc3 c6 11. Rc1 Nh5 12. b4 f5 13. c5 dxc5 14. dxc5 b6 15. cxb6
Nxb6 16. b5 Rd8 17. Qb3+ Be6 18. Qb1 Bd7 19. bxc6 Bxc6 20. Rfd1 f4 21. Qb3+ Kh8
22. exf4 Nxf4 23. Bxf4 exf4 24. Re1 Qf6 25. Nb5 Bd5 26. Qb1 Qf7 27. Rc7 Rd7 28.
Rxd7 Qxd7 29. a3 Rb8 30. Nbd4 Rd8 31. Rd1 Qe7 32. Qc1 Qf6 33. Qc7 Rd7 34. Qb8+
Bf8 35. Nb5 Rb7 36. Qe8 Re7 37. Qd8 Qg7 38. Bf1 Rd7 39. Qg5 a6 40. Nbd4 Bxf3
41. Ne6 Qe7 42. Qe5+ Kg8 43. Re1 Bd5 44. Qb8 Bxe6 45. Qxb6 Rd6 46. Qb4 Qf7 47.
Qa4 Kh8 48. Qa5 Qf6 49. Qc7 Bf7 50. Qc8 Kg7 51. Rb1 Qf5 52. Qb8 f3 53. g3 Rd2
54. Qf4 Qxf4 0-1

[Event "Reykjavik Open 2015"]
[Site "Reykjavik, "]
[Date "2015.03.16"]
[Round "8.65"]
[White "Poley, Vladimir"]
[Black "Lunn, Matthew"]
[Result "1-0"]
[WhiteElo "2269"]
[BlackElo "2034"]
[PlyCount "53"]
[EventDate "2015.03.10"]

1. Nf3 Nf6 2. g3 g6 3. b4 Bg7 4. Bb2 O-O 5. Bg2 d6 6. O-O e5 7. d3 Nc6 8. b5
Ne7 9. Nbd2 Nh5 10. e4 f5 11. c4 Nf6 12. Qb3 h6 13. c5+ Kh7 14. Rfe1 g5 15.
cxd6 cxd6 16. d4 Nxe4 17. dxe5 Nxd2 18. Nxd2 dxe5 19. Bxe5 Bxe5 20. Rxe5 Ng6
21. Rc5 Qxd2 22. Rd1 Qe2 23. Rc7+ Kh8 24. Rd6 Qe5 25. Qd1 g4 26. Qc1 f4 27.
Rxg6 1-0

[Event "Reykjavik Open 2015"]
[Site "Reykjavik, "]
[Date "2015.03.16"]
[Round "8.66"]
[White "Hansen, Lars-Henrik Bech"]
[Black "Arnold, Max"]
[Result "0-1"]
[WhiteElo "1994"]
[BlackElo "2189"]
[PlyCount "58"]
[EventDate "2015.03.10"]

1. e4 e5 2. Nf3 Nc6 3. d4 exd4 4. Nxd4 Nf6 5. Nxc6 bxc6 6. e5 Qe7 7. Qe2 Nd5 8.
c4 Ba6 9. Nd2 g6 10. Nf3 Qb4+ 11. Kd1 Bg7 12. a3 Qe7 13. Qc2 Nb6 14. b3 O-O 15.
Bb2 f6 16. exf6 Bxf6 17. Bd3 d5 18. Re1 Qg7 19. Bxf6 Rxf6 20. Ke2 dxc4 21.
Bxc4+ Nxc4 22. bxc4 Rf4 23. Kf1 Bxc4+ 24. Kg1 Bd5 25. Ne5 Raf8 26. f3 R4f6 27.
Qc5 Re8 28. Ng4 Rfe6 29. Ne3 Rxe3 0-1

[Event "Reykjavik Open 2015"]
[Site "Reykjavik, "]
[Date "2015.03.16"]
[Round "8.67"]
[White "Gyldenas, Ole Jorn"]
[Black "Bjerke, Richard"]
[Result "1/2-1/2"]
[WhiteElo "1969"]
[BlackElo "2180"]
[PlyCount "60"]
[EventDate "2015.03.10"]

1. d4 Nf6 2. c4 e6 3. Nf3 d5 4. Nc3 c6 5. e3 Nbd7 6. Bd3 dxc4 7. Bxc4 b5 8. Bd3
Bb7 9. O-O b4 10. Na4 c5 11. dxc5 Bxc5 12. Nxc5 Nxc5 13. Bb5+ Kf8 14. Qxd8+
Rxd8 15. Bd2 a5 16. Rfd1 Ke7 17. Rac1 Rc8 18. Ne5 Rhd8 19. f3 Rd5 20. Nd3 Nxd3
21. Rxc8 Rxb5 22. Rc7+ Ke8 23. b3 Nd5 24. Rc4 Rb6 25. Rd4 Ba6 26. e4 Nb2 27.
Rc1 Nd3 28. Rd1 Nb2 29. Rc1 Nd3 30. Rd1 Nb2 1/2-1/2

[Event "Reykjavik Open 2015"]
[Site "Reykjavik, "]
[Date "2015.03.16"]
[Round "8.68"]
[White "Byron, Alan M"]
[Black "Skovgaard, Tom"]
[Result "1-0"]
[WhiteElo "2172"]
[BlackElo "2042"]
[PlyCount "119"]
[EventDate "2015.03.10"]

1. e4 Nf6 2. e5 Nd5 3. d4 d6 4. c4 Nb6 5. exd6 cxd6 6. Nc3 g6 7. Be3 Bg7 8. Rc1
O-O 9. b3 d5 10. c5 Nc6 11. Bb5 Nd7 12. Nge2 Nf6 13. h3 Bf5 14. Ng3 Bd7 15. O-O
a6 16. Ba4 Rc8 17. Re1 b5 18. cxb6 Qxb6 19. Nge2 Qb7 20. Nf4 e6 21. Nd3 Nb8 22.
Nc5 Qb4 23. Qd3 Qb6 24. Bf4 Nc6 25. Bxc6 Rxc6 26. Be5 Bc8 27. N3a4 Qb5 28. Nb2
Nd7 29. Qxb5 axb5 30. Bxg7 Kxg7 31. Nbd3 Re8 32. Re2 Kf8 33. Nb4 Rb6 34. Nxd7+
Bxd7 35. Rc7 Rd8 36. Rec2 Ke8 37. R2c5 Rbb8 38. Kf1 Ke7 39. Nc6+ Kd6 40. Nxd8
Rxd8 41. Rb7 Ra8 42. Rb6+ Ke7 43. Rc7 Kd8 44. Rbb7 Be8 45. Ra7 Rb8 46. b4 h5
47. h4 Rb6 48. f4 Rd6 49. Rcb7 Bd7 50. Ra8+ Ke7 51. a4 bxa4 52. b5 Kf6 53. Kf2
Kf5 54. Kf3 f6 55. Rxa4 e5 56. fxe5 fxe5 57. Ra6 Bc8 58. Rxd6 Bxb7 59. Rd7 Bc8
60. Rc7 1-0

[Event "Reykjavik Open 2015"]
[Site "Reykjavik, "]
[Date "2015.03.16"]
[Round "8.69"]
[White "Fivelstad, Jon Olav"]
[Black "Loftsson, Hrafn"]
[Result "0-1"]
[WhiteElo "1929"]
[BlackElo "2171"]
[PlyCount "58"]
[EventDate "2015.03.10"]

1. e4 c5 2. Nc3 e6 3. f4 d5 4. exd5 exd5 5. Bb5+ Nc6 6. Qe2+ Be7 7. Nf3 Nf6 8.
Ne5 Qc7 9. O-O O-O 10. Bxc6 bxc6 11. b3 Bd6 12. Na4 Re8 13. h3 Nd7 14. Qf3 Nxe5
15. fxe5 Bxe5 16. Rb1 Ba6 17. d3 c4 18. Bb2 cxd3 19. cxd3 Bxb2 20. Rxb2 Re7 21.
Nc5 Qb6 22. Qf2 Rae8 23. Rc2 Bc8 24. Kh1 f6 25. Qh4 Re3 26. Qf2 Qb4 27. Ne4
Rxd3 28. Nxf6+ gxf6 29. Rxc6 Qd4 0-1

[Event "Reykjavik Open 2015"]
[Site "Reykjavik, "]
[Date "2015.03.16"]
[Round "8.70"]
[White "Brzezinski, Adam"]
[Black "Babijczuk, Pawel"]
[Result "1-0"]
[WhiteElo "2150"]
[BlackElo "1950"]
[PlyCount "59"]
[EventDate "2015.03.10"]

1. d4 d6 2. Nf3 Nd7 3. c4 e5 4. Nc3 Be7 5. e4 c6 6. Be2 Ngf6 7. h3 O-O 8. Be3
exd4 9. Nxd4 Nc5 10. Qc2 d5 11. e5 Nfe4 12. Nxe4 Nxe4 13. O-O-O Qa5 14. Kb1 Nc5
15. g4 dxc4 16. Bxc4 Ne6 17. Nf5 Bg5 18. Bxg5 Nxg5 19. f4 Ne6 20. Ne7+ Kh8 21.
f5 Ng5 22. h4 Nf3 23. e6 Qc7 24. Nxc8 Raxc8 25. Rd7 Qf4 26. e7 Rfe8 27. Bxf7
Qxg4 28. Bxe8 Rxe8 29. Rd8 Qh5 30. Rhd1 1-0

[Event "Reykjavik Open 2015"]
[Site "Reykjavik, "]
[Date "2015.03.16"]
[Round "8.71"]
[White "Halldorsson, Jon Arni"]
[Black "Hauksson, Hordur Aron"]
[Result "1-0"]
[WhiteElo "2150"]
[BlackElo "1853"]
[PlyCount "79"]
[EventDate "2015.03.10"]

1. d4 Nf6 2. c4 e6 3. g3 d5 4. Nf3 c5 5. cxd5 exd5 6. Bg2 Nc6 7. O-O Be6 8. Nc3
Be7 9. b3 O-O 10. Bb2 cxd4 11. Nxd4 Qb6 12. Na4 Qc7 13. Rc1 Rac8 14. Nxe6 fxe6
15. Nc5 Bxc5 16. Rxc5 Qb6 17. Rc1 Rce8 18. Qd2 Rf7 19. h3 a5 20. e3 Ref8 21. f4
Rd8 22. Rfd1 Ne4 23. Rxc6 bxc6 24. Bxe4 Rc8 25. Bb1 g6 26. Qc3 Kf8 27. Ba3+ Kg8
28. Bc5 Qc7 29. Kg2 Re8 30. Bd4 Rc8 31. Qc5 Qb7 32. Qxa5 c5 33. Bxc5 d4+ 34. e4
e5 35. fxe5 d3 36. Bxd3 Ra8 37. Qd2 Rd8 38. Qe2 Kg7 39. e6 Rc7 40. Ba6 1-0

[Event "Reykjavik Open 2015"]
[Site "Reykjavik, "]
[Date "2015.03.16"]
[Round "8.72"]
[White "Karlsson, Mikael Johann"]
[Black "Bjarnason, Vignir"]
[Result "1-0"]
[WhiteElo "2138"]
[BlackElo "1895"]
[PlyCount "71"]
[EventDate "2015.03.10"]

1. g3 e5 2. c4 f5 3. Bg2 Nf6 4. d3 d6 5. Nc3 c6 6. e4 Be7 7. Nge2 O-O 8. O-O
Qe8 9. Qb3 Qg6 10. c5+ Kh8 11. cxd6 Bxd6 12. exf5 Qxf5 13. Ne4 Bc7 14. Ng5 Qg6
15. Nc3 Na6 16. Nce4 Nd5 17. Be3 Bb6 18. Qa3 Bf5 19. Rae1 Rad8 20. Bxb6 axb6
21. Nf3 Ndb4 22. Nxe5 Qe6 23. Ng5 Qf6 24. f4 Bxd3 25. Qb3 Bxf1 26. Ngf7+ Rxf7
27. Nxf7+ Kg8 28. Nxd8+ Kf8 29. Ne6+ Kf7 30. Ng5+ Kg6 31. Re6 Bxg2 32. Kxg2 Nd5
33. Qd3+ Kh5 34. Qxh7+ Qh6 35. Rxh6+ gxh6 36. Qf7+ 1-0

[Event "Reykjavik Open 2015"]
[Site "Reykjavik, "]
[Date "2015.03.16"]
[Round "8.73"]
[White "Johannsson, Orn Leo"]
[Black "Simpson, Ben"]
[Result "1-0"]
[WhiteElo "2107"]
[BlackElo "1843"]
[PlyCount "79"]
[EventDate "2015.03.10"]

1. e4 c5 2. Nf3 d6 3. Bb5+ Nd7 4. O-O a6 5. Bc4 Ngf6 6. d3 e6 7. a4 Be7 8. a5
O-O 9. Nc3 Nb8 10. e5 Ne8 11. exd6 Nxd6 12. Be3 Nxc4 13. dxc4 Nc6 14. Qxd8 Rxd8
15. Na4 Nd4 16. Nb6 Rb8 17. Rad1 e5 18. Nxe5 Bf6 19. Nd3 Bg4 20. Rd2 Nxc2 21.
Bf4 Rxd3 22. Rxd3 Be2 23. Rd2 Re8 24. Rxc2 Bxf1 25. Kxf1 Re4 26. Be3 Bd4 27.
Rd2 f6 28. Bxd4 cxd4 29. Rd3 Kf7 30. f3 Rf4 31. g3 Rf5 32. b4 Ke6 33. Kf2 Rh5
34. h4 g5 35. Rxd4 gxh4 36. Rxh4 Rxh4 37. gxh4 f5 38. Ke3 Ke5 39. f4+ Kf6 40.
Na4 1-0

[Event "Reykjavik Open 2015"]
[Site "Reykjavik, "]
[Date "2015.03.16"]
[Round "8.75"]
[White "Van Den Bersselaar, Jeroen"]
[Black "Machado, Eduardo Ribeiro"]
[Result "0-1"]
[WhiteElo "2083"]
[BlackElo "1818"]
[PlyCount "52"]
[EventDate "2015.03.10"]

1. d4 Nf6 2. Nf3 e6 3. e3 b6 4. Bd3 Bb7 5. O-O Be7 6. c4 c5 7. Nc3 O-O 8. d5
exd5 9. cxd5 Nxd5 10. Nxd5 Bxd5 11. Bxh7+ Kxh7 12. Qxd5 Nc6 13. Rd1 Qc7 14. e4
Rad8 15. Bg5 Kg8 16. Bxe7 Nxe7 17. Qh5 Qc6 18. e5 d5 19. exd6 Rxd6 20. Ne5
Rxd1+ 21. Rxd1 Qa4 22. a3 Nc6 23. Nd7 Rd8 24. h3 Nd4 25. Ne5 Ne2+ 26. Kh2 Qf4+
0-1

[Event "Reykjavik Open 2015"]
[Site "Reykjavik, "]
[Date "2015.03.16"]
[Round "8.76"]
[White "Lux, Gregory"]
[Black "De Winter, Eric"]
[Result "1-0"]
[WhiteElo "2065"]
[BlackElo "1776"]
[PlyCount "31"]
[EventDate "2015.03.10"]

1. Nf3 d5 2. b3 Nf6 3. Bb2 e6 4. e3 Be7 5. d4 Nbd7 6. Bd3 c5 7. O-O b6 8. Nbd2
Bb7 9. Ne5 Rc8 10. f4 Qc7 11. Rf3 c4 12. Nxd7 Qxd7 13. bxc4 dxc4 14. Nxc4 Bxf3
15. Qxf3 Qb5 16. Nd6+ 1-0

[Event "Reykjavik Open 2015"]
[Site "Reykjavik, "]
[Date "2015.03.16"]
[Round "8.77"]
[White "Andersen, Niels Erik"]
[Black "Bergsson, Stefan"]
[Result "1-0"]
[WhiteElo "1900"]
[BlackElo "2063"]
[PlyCount "77"]
[EventDate "2015.03.10"]

1. d4 f5 2. g3 Nf6 3. Bg2 e6 4. c4 Be7 5. Nc3 O-O 6. Nf3 d6 7. O-O a5 8. b3 Ne4
9. Qc2 Nxc3 10. Qxc3 Bf6 11. Bb2 c5 12. Qc2 cxd4 13. Nxd4 Ra6 14. Rad1 Be7 15.
Nb5 Nc6 16. a3 Na7 17. Nc3 Bd7 18. Bxb7 Rb6 19. Bg2 Qb8 20. Rb1 Rxb3 21. Nb5 a4
22. Nd4 Rb6 23. Bc3 Bf6 24. e3 Rc8 25. Rxb6 Qxb6 26. Rb1 Qd8 27. Rb7 Nc6 28.
Nxc6 Bxc6 29. Bxf6 Qxf6 30. Bxc6 Rxc6 31. Qxa4 Rc8 32. Qd7 Rd8 33. Qc7 Qf8 34.
a4 Kh8 35. a5 h5 36. a6 Rc8 37. Qd7 Rxc4 38. a7 Rc8 39. Qxc8 1-0

[Event "Reykjavik Open 2015"]
[Site "Reykjavik, "]
[Date "2015.03.16"]
[Round "8.79"]
[White "Schou-Moldt, Thomas"]
[Black "Marshall, Michael"]
[Result "1-0"]
[WhiteElo "2211"]
[BlackElo "1844"]
[PlyCount "51"]
[EventDate "2015.03.10"]

1. Nf3 Nf6 2. g3 b6 3. Bg2 Bb7 4. O-O e6 5. d3 Be7 6. e4 d6 7. Re1 c5 8. Nbd2
Nbd7 9. a4 O-O 10. c3 Qc7 11. h3 Rac8 12. Qc2 Rfe8 13. g4 h6 14. Nf1 Bc6 15.
Ng3 Qb7 16. Qe2 a6 17. Nh2 b5 18. a5 Nh7 19. Rf1 Bh4 20. Nh1 d5 21. e5 d4 22.
Bxc6 Qxc6 23. f4 f5 24. gxf5 exf5 25. Qh5 Bd8 26. Qxe8+ 1-0

[Event "Reykjavik Open 2015"]
[Site "Reykjavik, "]
[Date "2015.03.16"]
[Round "8.80"]
[White "Meier, Gerd"]
[Black "Zhou, Qiyu"]
[Result "0-1"]
[WhiteElo "1868"]
[BlackElo "2182"]
[PlyCount "58"]
[EventDate "2015.03.10"]

1. e4 e5 2. Nf3 Nc6 3. Bc4 Bc5 4. c3 Nf6 5. d3 a6 6. a4 Ba7 7. b4 d6 8. O-O h6
9. Be3 O-O 10. h3 Ne7 11. Bxa7 Rxa7 12. Nbd2 Ng6 13. d4 Qe7 14. dxe5 dxe5 15.
Nh2 Rd8 16. Qc2 Bd7 17. a5 Bc6 18. Rfe1 Raa8 19. Ndf1 Nf4 20. Ng3 g6 21. Nf3
Rd7 22. Rad1 Rad8 23. Nh2 Rxd1 24. Rxd1 Rxd1+ 25. Qxd1 Nxe4 26. Nxe4 Bxe4 27.
Bf1 Kg7 28. Qd2 Qg5 29. Ng4 Nxh3+ 0-1

[Event "Reykjavik Open 2015"]
[Site "Reykjavik, "]
[Date "2015.03.16"]
[Round "8.81"]
[White "Haraldsson, Sigurjon"]
[Black "Haessel, Dale R"]
[Result "0-1"]
[WhiteElo "1833"]
[BlackElo "2174"]
[PlyCount "60"]
[EventDate "2015.03.10"]

1. e4 e5 2. Nc3 Nf6 3. Bc4 Nc6 4. Nf3 Nxe4 5. O-O Nxc3 6. dxc3 Be7 7. Qd5 O-O
8. Nxe5 Nxe5 9. Qxe5 Bf6 10. Qh5 c6 11. Be3 d5 12. Bd3 g6 13. Qf3 Re8 14. Rab1
Be6 15. Bd4 Be7 16. Qe3 Qc7 17. f4 c5 18. Be5 Bd6 19. Bxd6 Qxd6 20. f5 Bxf5 21.
Qh6 Bxd3 22. Rxf7 Kxf7 23. Qxh7+ Kf6 24. cxd3 Re5 25. h4 Rae8 26. Rf1+ Rf5 27.
Rxf5+ gxf5 28. h5 Qg3 29. Qh6+ Ke7 30. d4 Kd7 0-1

[Event "Reykjavik Open 2015"]
[Site "Reykjavik, "]
[Date "2015.03.16"]
[Round "8.82"]
[White "Gonzalez Gonzalez, Alfonso"]
[Black "Johansen, Arnt-Ole"]
[Result "1-0"]
[WhiteElo "2122"]
[BlackElo "1819"]
[PlyCount "67"]
[EventDate "2015.03.10"]

1. c4 Nf6 2. g3 g6 3. Bg2 Bg7 4. Nc3 d6 5. Nf3 O-O 6. O-O e5 7. d3 c5 8. Rb1
Nc6 9. a3 Rb8 10. b4 b6 11. b5 Ne7 12. Bd2 h6 13. Qa4 Be6 14. Ne1 Qc7 15. Nc2
d5 16. e4 d4 17. Nd5 Nfxd5 18. cxd5 Bd7 19. Qc4 Nc8 20. a4 Nd6 21. Qa2 f5 22.
f4 Kh7 23. Rbc1 Rbe8 24. Rfe1 h5 25. Nb4 h4 26. Nc6 hxg3 27. fxe5 gxh2+ 28. Kh1
Rxe5 29. Bf4 Bxc6 30. bxc6 g5 31. Bxe5 Bxe5 32. exf5 Kg7 33. Rxe5 Rxf5 34. Qe2
1-0